Developmemt and activities of roots of crop plants ; a study in crop ecology /

Bibliographic Details
Main Author: Weaver, John E. (John Ernest), 1884-1966
Other Authors: Jean, Frank Covert, Crist, John W.
Format: Book
Language:English
Published: Washington : Carnegie institution of Washington, 1922.
Series:Carnegie Institution of Washington publication ; 316.
Subjects:

MARC

Tag First Indicator Second Indicator Subfields
LEADER 00000cam a2200000 4500
001 in00000243421
005 20151010050517.0
008 760913s1922 dcuaf b 00010 eng d
010 |a  22010571  
035 |a (OCoLC)02427792 
035 |9 ABB0086AM 
040 |a DLC  |c VTU  |d TXA  |d UtOrBLW 
049 |a TXAM  |c [43956] 
050 0 |a QK644  |b .W36 
100 1 |a Weaver, John E.  |q (John Ernest),  |d 1884-1966. 
245 1 0 |a Developmemt and activities of roots of crop plants ;  |b a study in crop ecology /  |c by John E. Weaver, Frank C. Jean, and John W. Crist. 
264 1 |a Washington :  |b Carnegie institution of Washington,  |c 1922. 
300 |a vi, 117 pages :  |b illustrations, plates (2 folded) diagrams ;  |c 26 cm. 
336 |a text  |b txt  |2 rdacontent 
337 |a unmediated  |b n  |2 rdamedia 
338 |a volume  |b nc  |2 rdacarrier 
490 1 |a Carnegie institution of Washington. Publication no. 316 
504 |a Bibliography: pages 116-117. 
650 0 |a Roots (Botany) 
650 0 |a Plant ecology. 
700 1 |a Jean, Frank Covert. 
700 1 |a Crist, John W. 
830 0 |a Carnegie Institution of Washington publication ;  |v 316. 
999 |a MARS 
999 f f |s 618e9658-a136-369e-97e3-1fde1c979271  |i ef1143a5-26a3-3c01-a60f-1e44354bb693  |t 0 
952 f f |p ric  |a Texas A&M University  |b Rellis Campus  |c Joint Library Facility  |d Remote Storage  |t 0  |e QK644 .W36  |h Library of Congress classification  |i unmediated -- volume  |m A14804898402 
998 f f |a QK644 .W36  |t 0  |l Remote Storage